Govt. of
Madhya Pradesh

Allahabad school of Histroy (Record no. 56137)

MARC details
000 -LEADER
fixed length control field 00397nam a22001577a 4500
003 - CONTROL NUMBER IDENTIFIER
control field macl
005 - DATE AND TIME OF LATEST TRANSACTION
control field 20170326130001.0
008 - FIXED-LENGTH DATA ELEMENTS--GENERAL INFORMATION
fixed length control field 170326b xxu||||| |||| 00| 0 eng d
040 ## - CATALOGING SOURCE
Transcribing agency MACL
082 ## - DEWEY DECIMAL CLASSIFICATION NUMBER
Classification number 900/cha
100 ## - MAIN ENTRY--PERSONAL NAME
Personal name Chaturvedi Heramb
9 (RLIN) 66852
245 ## - TITLE STATEMENT
Title Allahabad school of Histroy
260 ## - PUBLICATION, DISTRIBUTION, ETC. (IMPRINT)
Place of publication, distribution, etc. New Delhi
Name of publisher, distributor, etc. occan Books (P) Ltd
Date of publication, distribution, etc. 2016
650 ## - SUBJECT ADDED ENTRY--TOPICAL TERM
Topical term or geographic name as entry element 900/Histroy
9 (RLIN) 66853
942 ## - ADDED ENTRY ELEMENTS (KOHA)
Source of classification or shelving scheme
Koha item type Books

No items available.